LIBRARY & INFORMATION CENTRE, KCAET, TAVANUR

ONLINE PUBLIC ACCESS CATALOGUE (OPAC)

Amar bel / (Record no. 3672)

MARC details
000 -LEADER
fixed length control field 00437cam a2200181ua 4500
041 ## - LANGUAGE CODE
Language code of text/sound track or separate title hin
082 ## - DEWEY DECIMAL CLASSIFICATION NUMBER
Classification number 891.54
Item number VRI/AM
100 ## - MAIN ENTRY--AUTHOR NAME
Personal name Vrindavan Lal, Verma .
245 ## - TITLE STATEMENT
Title Amar bel /
250 ## - EDITION STATEMENT
Edition statement 4 /
260 ## - PUBLICATION, DISTRIBUTION, ETC. (IMPRINT)
Place of publication Jhansi :
Name of publisher Mayoor Prakashan ,
Year of publication 1963.
300 ## - PHYSICAL DESCRIPTION
Number of Pages 477 ; .
942 ## - ADDED ENTRY ELEMENTS (KOHA)
Koha item type Books
Holdings
Withdrawn status Lost status Damaged status Home library Current library Date acquired Full call number Accession Number Koha item type Public note
Withdrawn     KAUAET Sanskrit University 07/04/2012 891.54 6294 Books Transferred to Sanskrit University
free website counter